Honkai Star Rail Characters - Statistics

General Stats
  • This quiz has been taken 4,992 times
    186 since last reset
  • The average score is 59 of 78
Answer Stats
Answer % Correct
Dan Heng
95%
Himeko
94%
Welt
94%
Blade
92%
Kafka
92%
March 7th
91%
Silver Wolf
91%
Aventurine
89%
Sparkle
89%
The Herta
89%
Bronya
88%
Herta
88%
Robin
88%
Seele
88%
Acheron
87%
Firefly
87%
Mydei
87%
Phainon
87%
Sunday
87%
Gepard
83%
Black Swan
82%
Jing Yuan
82%
Castorice
81%
Cyrene
81%
Anaxa
80%
Asta
80%
Hyacine
80%
Boothill
79%
Ruan Mei
79%
Aglaea
77%
Dr. Ratio
77%
Fu Xuan
77%
Gallagher
77%
Sparxie
77%
Arlan
76%
Hook
76%
The Dahlia
76%
Tingyun
76%
Trailblazer
76%
Argenti
75%
Evernight
75%
Fugue
75%
Serval
75%
Bailu
74%
Hysilens
74%
Rappa
74%
Tribbie
74%
Moze
73%
Archer
72%
Feixiao
72%
Huohuo
72%
Lynx
72%
Misha
72%
Yao Guang
72%
Cerydra
71%
Cipher
71%
Yanqing
71%
Jiaoqiu
70%
Jingliu
70%
Lingsha
70%
Luocha
68%
Clara
67%
Jade
67%
Sampo
67%
Topaz and Numby
67%
Pela
66%
Luka
65%
Guinaifen
64%
Saber
63%
Hanya
62%
Natasha
62%
Qingque
62%
Yukong
62%
Sushang
61%
Yunli
61%
Xueyi
58%
Dan Heng - Imbibitor Lunae
57%
Dan Heng - Permansor Terrae
52%
No matching quizzes found
Score Distribution
Percent of People with Each Score
Percentile by Number Answered
Your Score History
You have not taken this quiz since the last reset